[Event "Wunsiedel op 12th"]
[Site "Wunsiedel"]
[Date "2018.05.21"]
[Round "9"]
[White "Karpatchev, Aleksandr"]
[Black "Racherbaeumer, Marcel"]
[Result "1/2-1/2"]
[WhiteElo "2463"]
[BlackElo "2253"]
[PlyCount "111"]
[EventDate "2018.05.17"]
[EventType "swiss"]
[EventRounds "9"]
[EventCountry "GER"]
[SourceTitle "CBM 184 Extra"]
[Source "ChessBase"]
[SourceDate "2018.06.28"]
[SourceVersion "1"]
[SourceVersionDate "2018.06.28"]
[SourceQuality "1"]

1. e4 e6 2. d4 d5 3. Nc3 dxe4 4. Nxe4 Nd7 5. Nf3 Ngf6 6. Nxf6+ Nxf6 7. c3 Bd6 8. g3 Bd7 9. Bg2 Bc6 10. 0-0 0-0 11. Re1 Bd5 12. b3 c5 13. c4 Bc6 14. Bb2 cxd4 15. Nxd4 Bxg2 16. Kxg2 Bb4 17. Re3 Qd7 18. Nc2 Qc6+ 19. Qf3 Be7 20. Qxc6 bxc6 21. Nd4 Bc5 22. Rd3 Rfc8 23. Ne2 Ng4 24. Bd4 Bxd4 25. Rxd4 Nf6 26. Rad1 Kf8 27. Nc3 Ke7 28. Kf3 g5 29. h3 h5 30. R4d2 Rh8 31. Ke3 Rac8 32. Ne4 Nxe4 33. Rd7+ Kf6 34. Kxe4 a5 35. Ra7 Rhd8 36. Rxd8 Rxd8 37. Rxa5 Rd2 38. Ke3 Rb2 39. Rc5 Rxa2 40. Rxc6 Rb2 41. Rb6 g4 42. hxg4 hxg4 43. b4 Ke5 44. Rb5+ Kd6 45. Rb7 f5 46. c5+ Kd5 47. Rb6 Rb3+ 48. Kd2 Rb2+ 49. Ke3 Rb3+ 50. Ke2 Rb2+ 51. Kf1 e5 52. Kg2 f4 53. Rd6+ Ke4 54. gxf4 exf4 55. Re6+ Kf5 56. Re8 1/2-1/2

[Event "Wunsiedel op 12th"]
[Site "Wunsiedel"]
[Date "2018.05.18"]
[Round "2"]
[White "Efimenko, Zahar"]
[Black "Racherbaeumer, Marcel"]
[Result "1-0"]
[WhiteElo "2632"]
[BlackElo "2253"]
[PlyCount "51"]
[EventDate "2018.05.17"]
[EventType "swiss"]
[EventRounds "9"]
[EventCountry "GER"]
[SourceTitle "CBM 184 Extra"]
[Source "ChessBase"]
[SourceDate "2018.06.28"]
[SourceVersion "1"]
[SourceVersionDate "2018.06.28"]
[SourceQuality "1"]

1. Nf3 c5 2. e4 d6 3. d4 cxd4 4. Nxd4 Nf6 5. Nc3 g6 6. Be3 Bg7 7. f3 Nc6 8. Qd2 Bd7 9. g4 h6 10. 0-0-0 Rc8 11. h4 Ne5 12. Kb1 b5 13. Be2 b4 14. Nd5 Nxd5 15. exd5 Nc4 16. Bxc4 Rxc4 17. Rhe1 Bf6 18. b3 Rc3 19. g5 hxg5 20. Bxg5 Kf8 21. Bxf6 exf6 22. Qf4 Be8 23. Rd2 Rh5 24. Rde2 Re5 25. Qh6+ Kg8 26. Nf5 1-0

[Event "NRW Class2 1314"]
[Site "Germany"]
[Date "2013.10.06"]
[Round "2.8"]
[White "Racherbaeumer, Marcel"]
[Black "Beckmann, Klaus"]
[Result "1/2-1/2"]
[WhiteElo "2227"]
[BlackElo "2071"]
[PlyCount "80"]
[EventDate "2013.09.15"]
[EventType "team-tourn"]
[EventRounds "9"]
[EventCountry "GER"]
[SourceTitle "EXT 2015"]
[Source "ChessBase"]
[SourceDate "2014.11.20"]
[SourceVersion "1"]
[SourceVersionDate "2014.11.20"]
[SourceQuality "1"]
[WhiteTeam "Holsterhausen"]
[BlackTeam "Neuenkirchen"]
[WhiteTeamCountry "GER"]
[BlackTeamCountry "GER"]

1. Nf3 Nf6 2. c4 e6 3. g3 d5 4. Bg2 Be7 5. 0-0 0-0 6. b3 b6 7. Bb2 Bb7 8. e3 Nbd7 9. Qe2 c5 10. Nc3 a6 11. d3 Qc7 12. Nd2 dxc4 13. bxc4 Bxg2 14. Kxg2 b5 15. a4 b4 16. Nd1 Qc6+ 17. Qf3 Qxf3+ 18. Kxf3 Rfd8 19. Ke2 Nb8 20. f4 Nc6 21. Nb3 Ra7 22. Nf2 Nd7 23. g4 f6 24. Rg1 Kf7 25. Ne4 Rc7 26. h4 Rcc8 27. Rg2 Re8 28. h5 e5 29. fxe5 Ncxe5 30. Rf1 Ke6 31. a5 h6 32. Ng3 Bf8 33. Nf5 Rc7 34. Rf4 Kf7 35. Rg1 Rd8 36. Ng3 Re8 37. Ne4 Kg8 38. Rff1 Nxc4 39. Nxf6+ Nxf6 40. dxc4 Ne4 1/2-1/2

[Event "Ruhrgebiet Regionalliga 1213"]
[Site "Nordrheinwestfalen"]
[Date "2013.05.05"]
[Round "9.8"]
[White "Kauder, Hartmut"]
[Black "Racherbaeumer, Marcel"]
[Result "0-1"]
[WhiteElo "2060"]
[BlackElo "2220"]
[PlyCount "64"]
[EventDate "2012.09.09"]
[EventType "team-tourn"]
[EventRounds "9"]
[EventCountry "GER"]
[SourceTitle "EXT 2020"]
[Source "ChessBase"]
[SourceDate "2019.10.17"]
[SourceVersion "1"]
[SourceVersionDate "2019.10.17"]
[SourceQuality "1"]
[WhiteTeam "Koenigsspringer Hamm"]
[BlackTeam "Holsterhausen SK"]
[WhiteTeamCountry "GER"]
[BlackTeamCountry "GER"]

1. d4 Nf6 2. c4 g6 3. Nc3 Bg7 4. e4 d6 5. g3 0-0 6. Bg2 Nc6 7. Nge2 e5 8. d5 Nd4 9. 0-0 c5 10. dxc6 bxc6 11. Nxd4 exd4 12. Qxd4 Ng4 13. Qd3 Ne5 14. Qc2 Nxc4 15. b3 Qa5 16. bxc4 Qxc3 17. Qxc3 Bxc3 18. Rb1 Be6 19. Bh6 Rfd8 20. Rfc1 Bd4 21. Rb3 Rab8 22. Bf4 Rxb3 23. axb3 Rb8 24. c5 g5 25. Bxd6 Rxb3 26. h3 a5 27. Rd1 Bc3 28. e5 a4 29. Be7 Bxe5 30. Rd8+ Kg7 31. Bxc6 a3 32. Ra8 a2 0-1

[Event "Ruhrgebiet VK2 1213"]
[Site "Nordrheinwestfalen"]
[Date "2012.10.28"]
[Round "3.1"]
[White "Schneider, Hans Joachim"]
[Black "Racherbaeumer, Marcel"]
[Result "0-1"]
[WhiteElo "1846"]
[BlackElo "2220"]
[PlyCount "76"]
[EventDate "2012.09.02"]
[EventType "team-tourn"]
[EventRounds "9"]
[EventCountry "GER"]
[SourceTitle "EXT 2020"]
[Source "ChessBase"]
[SourceDate "2019.10.17"]
[SourceVersion "1"]
[SourceVersionDate "2019.10.17"]
[SourceQuality "1"]
[WhiteTeam "Bottrop SV II"]
[BlackTeam "Holsterhausen SK II"]
[WhiteTeamCountry "GER"]
[BlackTeamCountry "GER"]

1. c4 Nf6 2. Nc3 c6 3. g3 d5 4. cxd5 cxd5 5. d4 Nc6 6. Bg2 Bf5 7. Nf3 e6 8. 0-0 Bb4 9. Bg5 h6 10. Bxf6 Qxf6 11. Nb5 0-0 12. e3 a6 13. Nc3 Bg4 14. h3 Bh5 15. g4 Bg6 16. Rc1 Qe7 17. Ne2 Bd6 18. Nf4 Bxf4 19. exf4 Qb4 20. b3 Be4 21. Ne5 Nxe5 22. fxe5 Rac8 23. Rxc8 Rxc8 24. Bxe4 dxe4 25. Re1 Qc3 26. Rxe4 Qxh3 27. Re3 Qh4 28. Kg2 Qd8 29. Kg3 b5 30. Rd3 Qd5 31. Qf3 Rc2 32. a3 Ra2 33. Qxd5 exd5 34. b4 g5 35. f4 gxf4+ 36. Kxf4 Rf2+ 37. Kg3 Rc2 38. Kf4 Kg7 0-1

[Event "NRW Class1 1112"]
[Site "Germany"]
[Date "2011.12.04"]
[Round "4.3"]
[White "Racherbaeumer, Marcel"]
[Black "Schoorl, Rob"]
[Result "1/2-1/2"]
[WhiteElo "2204"]
[BlackElo "2317"]
[PlyCount "41"]
[EventDate "2011.09.18"]
[EventType "team-tourn"]
[EventRounds "9"]
[EventCountry "GER"]
[SourceTitle "EXT 2015"]
[Source "ChessBase"]
[SourceDate "2014.11.20"]
[SourceVersion "1"]
[SourceVersionDate "2014.11.20"]
[SourceQuality "1"]
[WhiteTeam "Castrop Rauxel"]
[BlackTeam "Muelheim Nord II"]
[WhiteTeamCountry "GER"]
[BlackTeamCountry "GER"]

1. Nf3 d5 2. d4 Nf6 3. Bf4 c6 4. e3 Bg4 5. Nbd2 e6 6. h3 Bxf3 7. Nxf3 Qb6 8. Qc1 c5 9. Be2 Nc6 10. 0-0 Be7 11. dxc5 Bxc5 12. c4 0-0 13. a3 a5 14. Qc2 d4 15. exd4 Nxd4 16. Nxd4 Bxd4 17. Rab1 a4 18. b4 axb3 19. Rxb3 Qc5 20. Bf3 Rxa3 21. Rb5 1/2-1/2

[Event "NRW Class1 1112"]
[Site "Germany"]
[Date "2011.09.18"]
[Round "1.3"]
[White "Malcher, Werner"]
[Black "Racherbaeumer, Marcel"]
[Result "1-0"]
[WhiteElo "2323"]
[BlackElo "2204"]
[PlyCount "67"]
[EventDate "2011.09.18"]
[EventType "team-tourn"]
[EventRounds "9"]
[EventCountry "GER"]
[SourceTitle "EXT 2015"]
[Source "ChessBase"]
[SourceDate "2014.11.20"]
[SourceVersion "1"]
[SourceVersionDate "2014.11.20"]
[SourceQuality "1"]
[WhiteTeam "Bielefeld"]
[BlackTeam "Castrop Rauxel"]
[WhiteTeamCountry "GER"]
[BlackTeamCountry "GER"]

1. d4 Nf6 2. c4 e6 3. Nf3 c5 4. d5 exd5 5. cxd5 g6 6. Nc3 d6 7. e4 Bg7 8. Qa4+ Nbd7 9. Bd3 0-0 10. 0-0 a6 11. Qc2 Ng4 12. Bg5 Qc7 13. Rad1 b5 14. b3 Nde5 15. Be2 Nxf3+ 16. gxf3 Ne5 17. f4 Nd7 18. a4 c4 19. b4 Qb6 20. a5 Qc7 21. Kh1 f5 22. f3 Bb7 23. Rfe1 fxe4 24. Nxe4 Nf6 25. Bxf6 Bxf6 26. f5 Bc8 27. fxg6 Bf5 28. Nxf6+ Rxf6 29. gxh7+ Qxh7 30. Rg1+ Kf8 31. Qd2 Qh6 32. Rg5 c3 33. Qc1 Rc8 34. Rxf5 1-0

[Event "Augsburg Afro op-A 18th"]
[Site "Augsburg"]
[Date "2011.08.04"]
[Round "1"]
[White "Weichlein, Paul"]
[Black "Racherbaeumer, Marcel"]
[Result "1-0"]
[WhiteElo "1973"]
[BlackElo "2280"]
[PlyCount "53"]
[EventDate "2011.08.04"]
[EventType "swiss"]
[EventRounds "7"]
[EventCountry "GER"]
[SourceTitle "EXT 2015"]
[Source "ChessBase"]
[SourceDate "2014.11.20"]
[SourceVersion "1"]
[SourceVersionDate "2014.11.20"]
[SourceQuality "1"]

1. d4 Nf6 2. c4 g6 3. Nc3 Bg7 4. e4 d6 5. f3 0-0 6. Be3 c5 7. Nge2 cxd4 8. Nxd4 Nc6 9. Qd2 Nd7 10. 0-0-0 Nxd4 11. Bxd4 Ne5 12. f4 Nc6 13. Bxg7 Kxg7 14. Be2 Qa5 15. h4 f5 16. h5 Be6 17. g4 fxg4 18. hxg6 h5 19. f5 Rh8 20. fxe6 Qe5 21. Rdf1 Qxe6 22. Rf7+ Kxg6 23. Rf5 Kg7 24. Rhf1 Ne5 25. Nd5 Raf8 26. Rg5+ Ng6 27. Nf4 1-0

[Event "Oberliga NRW 1011"]
[Site "Germany"]
[Date "2011.01.09"]
[Round "5.2"]
[White "Racherbaeumer, Marcel"]
[Black "Molinaroli, Martin"]
[Result "1-0"]
[WhiteElo "2288"]
[BlackElo "2235"]
[PlyCount "79"]
[EventDate "2010.09.26"]
[EventType "team-tourn"]
[EventRounds "9"]
[EventCountry "GER"]
[SourceTitle "EXT 2012"]
[Source "ChessBase"]
[SourceDate "2011.11.24"]
[SourceVersion "1"]
[SourceVersionDate "2011.11.24"]
[SourceQuality "1"]
[WhiteTeam "Castrop Rauxel"]
[BlackTeam "Muenster"]
[WhiteTeamCountry "GER"]
[BlackTeamCountry "GER"]

1. e4 d6 2. d4 Nf6 3. Nc3 e5 4. Nf3 exd4 5. Nxd4 Be7 6. g3 0-0 7. Bg2 Re8 8. 0-0 Bf8 9. h3 Nbd7 10. Nb3 c6 11. a4 a5 12. Be3 Qc7 13. Bd4 b6 14. g4 Rd8 15. g5 Ne8 16. f4 Ba6 17. Rf2 Nc5 18. Nd2 Rac8 19. Nf1 Ne6 20. Be3 d5 21. exd5 cxd5 22. Nxd5 Qb8 23. Qg4 Nc5 24. f5 Bb7 25. Bf4 Qa7 26. Nfe3 Bc6 27. b3 Qb7 28. f6 g6 29. Rd1 Ne6 30. c4 Nxf4 31. Qxf4 Bc5 32. Re1 Bxd5 33. Nxd5 Rxd5 34. Bxd5 Qd7 35. Re7 Qd6 36. Rxf7 Qxd5 37. cxd5 Kxf7 38. Qg4 Rc7 39. Qe6+ Kf8 40. Kg2 1-0

[Event "Dortmund Helmut Kohl"]
[Site "Dortmund"]
[Date "2009.07.09"]
[Round "6"]
[White "Zelbel, Patrick"]
[Black "Racherbaeumer, Marcel"]
[Result "1/2-1/2"]
[WhiteElo "2348"]
[BlackElo "2284"]
[PlyCount "92"]
[EventDate "2009.07.03"]
[EventType "tourn"]
[EventRounds "9"]
[EventCountry "GER"]
[EventCategory "5"]
[SourceTitle "CBM 131 Extra"]
[Source "ChessBase"]
[SourceDate "2009.09.03"]
[SourceVersion "2"]
[SourceVersionDate "2009.09.16"]
[SourceQuality "1"]

1. e4 e6 2. d4 d5 3. Nd2 Nf6 4. e5 Nfd7 5. Bd3 c5 6. c3 Nc6 7. Ndf3 cxd4 8. cxd4 Nb6 9. Ne2 Bd7 10. Nc3 Be7 11. 0-0 a5 12. Be3 a4 13. a3 Na5 14. Nd2 Bc6 15. Qe2 h5 16. Rfb1 Qd7 17. b4 axb3 18. Nxb3 Nac4 19. Nd2 Rxa3 20. Rxa3 Bxa3 21. Bg5 Be7 22. Bxe7 Qxe7 23. Nxc4 Nxc4 24. Bxc4 dxc4 25. Qxc4 0-0 26. Nd1 Rd8 27. Ne3 Qh4 28. Rb4 Ra8 29. Qc3 Qe7 30. Rb1 Qg5 31. Rf1 Qf4 32. h3 Ra2 33. Qd3 Qe4 34. Rd1 Ra1 35. Qxe4 Rxd1+ 36. Nxd1 Bxe4 37. f3 Bc6 38. Kf2 h4 39. Ke3 g5 40. Kd3 Kg7 41. Ne3 f5 42. exf6+ Kxf6 43. Kc4 b6 44. Kb4 Ke7 45. Ng4 Kd6 46. Kc4 Ke7 1/2-1/2

[Event "Dortmund Helmut Kohl"]
[Site "Dortmund"]
[Date "2009.07.08"]
[Round "5"]
[White "Trella, Thomas"]
[Black "Racherbaeumer, Marcel"]
[Result "1-0"]
[WhiteElo "2371"]
[BlackElo "2284"]
[PlyCount "39"]
[EventDate "2009.07.03"]
[EventType "tourn"]
[EventRounds "9"]
[EventCountry "GER"]
[EventCategory "5"]
[SourceTitle "CBM 131 Extra"]
[Source "ChessBase"]
[SourceDate "2009.09.03"]
[SourceVersion "2"]
[SourceVersionDate "2009.09.16"]
[SourceQuality "1"]

1. Nf3 b6 2. c4 Bb7 3. Nc3 e6 4. g3 Bxf3 5. exf3 c5 6. d4 cxd4 7. Qxd4 Nc6 8. Qd2 Rc8 9. b3 Nf6 10. Bb2 Bb4 11. a3 Be7 12. Be2 0-0 13. 0-0 Na5 14. Qc2 d5 15. Rfd1 Qc7 16. cxd5 Nxd5 17. Rd3 Nxc3 18. Rxc3 Qxc3 19. Bxc3 Bf6 20. Bc4 1-0

[Event "Dortmund Helmut Kohl"]
[Site "Dortmund"]
[Date "2009.07.06"]
[Round "4"]
[White "Racherbaeumer, Marcel"]
[Black "Eismont, Oleg"]
[Result "1/2-1/2"]
[WhiteElo "2284"]
[BlackElo "2326"]
[PlyCount "27"]
[EventDate "2009.07.03"]
[EventType "tourn"]
[EventRounds "9"]
[EventCountry "GER"]
[EventCategory "5"]
[SourceTitle "CBM 131 Extra"]
[Source "ChessBase"]
[SourceDate "2009.09.03"]
[SourceVersion "2"]
[SourceVersionDate "2009.09.16"]
[SourceQuality "1"]

1. e4 c5 2. Nf3 Nc6 3. d4 cxd4 4. Nxd4 Nf6 5. Nc3 g6 6. Be2 Bg7 7. 0-0 0-0 8. Be3 d6 9. f4 Qb6 10. Na4 Qa5 11. Nc3 Qb6 12. Na4 Qc7 13. Nc3 Qb6 14. Na4 1/2-1/2

[Event "Dortmund Helmut Kohl"]
[Site "Dortmund"]
[Date "2009.07.03"]
[Round "1"]
[White "Schaefer, Markus"]
[Black "Racherbaeumer, Marcel"]
[Result "1-0"]
[WhiteElo "2378"]
[BlackElo "2284"]
[PlyCount "47"]
[EventDate "2009.07.03"]
[EventType "tourn"]
[EventRounds "9"]
[EventCountry "GER"]
[EventCategory "5"]
[SourceTitle "CBM 131 Extra"]
[Source "ChessBase"]
[SourceDate "2009.09.03"]
[SourceVersion "2"]
[SourceVersionDate "2009.09.16"]
[SourceQuality "1"]

1. e4 c5 2. Nf3 e6 3. d4 cxd4 4. Nxd4 Nc6 5. Nc3 Qc7 6. Ndb5 Qb8 7. Be2 a6 8. Nd4 Nf6 9. Be3 Bb4 10. 0-0 Bxc3 11. bxc3 0-0 12. Nxc6 bxc6 13. Bd3 d5 14. exd5 cxd5 15. f4 Ne4 16. Bd4 Qc7 17. c4 Bb7 18. cxd5 exd5 19. f5 f6 20. Qh5 Qa5 21. Rf4 Qb4 22. c3 Qb2 23. Rb1 Qd2 24. Rh4 1-0

[Event "Bad Woerishofen op 25th"]
[Site "Bad Woerishofen"]
[Date "2009.03.05"]
[Round "1"]
[White "Spanton, Timothy"]
[Black "Racherbaeumer, Marcel"]
[Result "1/2-1/2"]
[WhiteElo "2008"]
[BlackElo "2303"]
[PlyCount "79"]
[EventDate "2009.03.05"]
[EventType "swiss"]
[EventRounds "9"]
[EventCountry "GER"]
[SourceTitle "CBM 129 Extra"]
[Source "ChessBase"]
[SourceDate "2009.05.05"]
[SourceVersion "2"]
[SourceVersionDate "2009.05.20"]
[SourceQuality "1"]

1. e4 c5 2. Nf3 e6 3. d3 Nc6 4. c3 d5 5. Qe2 Be7 6. g3 Nf6 7. Bg2 c4 8. exd5 cxd3 9. Qxd3 exd5 10. 0-0 0-0 11. Be3 Bg4 12. Nbd2 Qd7 13. Rfe1 Bf5 14. Qb5 a6 15. Qb3 Rfe8 16. Bb6 Ne4 17. Nxe4 Bxe4 18. Rad1 Bf6 19. Nd4 Bxg2 20. Kxg2 Rxe1 21. Rxe1 Ne5 22. Nf3 Nxf3 23. Kxf3 Qc6 24. Bd4 Bxd4 25. cxd4 b5 26. Qe3 Rc8 27. Kg2 h6 28. Re2 b4 29. h4 Qc4 30. b3 Qb5 31. Qe7 a5 32. Re5 Rc1 33. Qe8+ Qxe8 34. Rxe8+ Kh7 35. Ra8 Rd1 36. Rxa5 Rxd4 37. Ra4 Rd2 38. Kf3 Kg6 39. Ke3 Rc2 40. Rxb4 1/2-1/2

[Event "Dortmund Sparkassen op"]
[Site "Dortmund"]
[Date "2008.07.06"]
[Round "9"]
[White "Racherbaeumer, Marcel"]
[Black "Orlov, Andrey"]
[Result "0-1"]
[WhiteElo "2260"]
[BlackElo "2498"]
[PlyCount "72"]
[EventDate "2008.06.30"]
[EventType "swiss"]
[EventRounds "9"]
[EventCountry "GER"]
[SourceTitle "CBM 125 Extra"]
[Source "ChessBase"]
[SourceDate "2008.09.01"]
[SourceVersion "1"]
[SourceVersionDate "2008.09.01"]
[SourceQuality "1"]

1. d4 d6 2. c4 g6 3. Nc3 Bg7 4. e4 e5 5. d5 Nf6 6. Be2 Nbd7 7. Nf3 0-0 8. Bg5 h6 9. Bh4 a6 10. Nd2 Qe8 11. b4 Nh7 12. 0-0 h5 13. f3 Bh6 14. Bf2 Qe7 15. Nb3 f5 16. c5 Ndf6 17. cxd6 cxd6 18. Nd2 Bd7 19. Nc4 Rac8 20. Qd3 fxe4 21. fxe4 Rf7 22. Be3 Bxe3+ 23. Qxe3 Bg4 24. Rac1 Bxe2 25. Qxe2 Ng5 26. Nd2 Qd8 27. a3 Kg7 28. Nf3 Ngh7 29. Qd2 Qb6+ 30. Kh1 Rcf8 31. h3 Rc8 32. Qd3 Rfc7 33. Ne2 Rxc1 34. Rxc1 Qb5 35. Qe3 Rxc1+ 36. Nxc1 Qc4 0-1

[Event "Dortmund Sparkassen op"]
[Site "Dortmund"]
[Date "2008.07.03"]
[Round "6"]
[White "Racherbaeumer, Marcel"]
[Black "Steinmetzer, Thomas"]
[Result "1-0"]
[WhiteElo "2260"]
[BlackElo "2038"]
[PlyCount "47"]
[EventDate "2008.06.30"]
[EventType "swiss"]
[EventRounds "9"]
[EventCountry "GER"]
[SourceTitle "CBM 125 Extra"]
[Source "ChessBase"]
[SourceDate "2008.09.01"]
[SourceVersion "1"]
[SourceVersionDate "2008.09.01"]
[SourceQuality "1"]

1. e4 e5 2. Nf3 Nc6 3. Bb5 a6 4. Ba4 Nf6 5. 0-0 Be7 6. Re1 b5 7. Bb3 0-0 8. d4 exd4 9. e5 Ne8 10. c3 dxc3 11. Nxc3 Na5 12. Bc2 d6 13. Nd5 dxe5 14. Nxe7+ Qxe7 15. Nxe5 Qf6 16. Qd3 g6 17. Bd2 Nb7 18. Bc3 Bf5 19. Qg3 Bxc2 20. Ng4 Qg5 21. h4 Qh5 22. Rxe8 Rfxe8 23. Nf6+ Kf8 24. Nxh5 1-0

[Event "Dortmund Sparkassen op"]
[Site "Dortmund"]
[Date "2008.07.02"]
[Round "4"]
[White "Aulich, Marcell"]
[Black "Racherbaeumer, Marcel"]
[Result "1-0"]
[WhiteElo "2019"]
[BlackElo "2260"]
[PlyCount "115"]
[EventDate "2008.06.30"]
[EventType "swiss"]
[EventRounds "9"]
[EventCountry "GER"]
[SourceTitle "CBM 125 Extra"]
[Source "ChessBase"]
[SourceDate "2008.09.01"]
[SourceVersion "1"]
[SourceVersionDate "2008.09.01"]
[SourceQuality "1"]

1. e4 c5 2. Nf3 e6 3. c3 Nf6 4. e5 Nd5 5. d4 cxd4 6. cxd4 d6 7. Bc4 Nb6 8. Bd3 Nc6 9. 0-0 dxe5 10. dxe5 Nb4 11. Be4 Qxd1 12. Rxd1 N4d5 13. a4 Nd7 14. Bxd5 exd5 15. Nc3 Nc5 16. Nxd5 Na6 17. Bg5 Be6 18. Rac1 h6 19. Be3 Rd8 20. Nf4 Rxd1+ 21. Rxd1 Bd7 22. Bxa7 Bxa4 23. Rc1 Bd7 24. Nd4 Be7 25. Nd5 Bd8 26. b4 Be6 27. Nxe6 fxe6 28. Nf4 Nxb4 29. Rb1 Nc6 30. Ng6 Rg8 31. Rxb7 Ne7 32. Nxe7 Bxe7 33. Kf1 h5 34. h3 g5 35. g4 hxg4 36. hxg4 Rg6 37. Be3 Rg7 38. Ke2 Bf8 39. Rb8+ Kf7 40. Kd3 Rg8 41. Ke4 Rg6 42. Rb7+ Ke8 43. Bb6 Rg7 44. Rb8+ Kf7 45. Bd8 Kg6 46. Rb6 Kf7 47. Bf6 Rg6 48. Rb7+ Kg8 49. f3 Ba3 50. Kd3 Bf8 51. Kc4 Rh6 52. Bxg5 Rh3 53. Rb3 Bg7 54. Kd4 Kf7 55. Ke4 Kg6 56. Be3 Rh1 57. Rb6 Kf7 58. Rb7+ 1-0

[Event "Oberhausen op"]
[Site "Oberhausen"]
[Date "2008.03.24"]
[Round "7"]
[White "Coenen, Michael"]
[Black "Racherbaeumer, Marcel"]
[Result "0-1"]
[WhiteElo "2174"]
[BlackElo "2260"]
[PlyCount "114"]
[EventDate "2008.03.20"]
[EventType "swiss"]
[EventRounds "7"]
[EventCountry "GER"]
[SourceTitle "CBM 123 Extra"]
[Source "ChessBase"]
[SourceDate "2008.05.06"]
[SourceVersion "1"]
[SourceVersionDate "2008.05.06"]
[SourceQuality "1"]

1. e4 c5 2. Nf3 e6 3. d4 cxd4 4. Nxd4 Nc6 5. Nc3 Qc7 6. Be3 a6 7. Qd2 Nf6 8. f3 Ne5 9. g4 h6 10. h4 Bb4 11. Rg1 b5 12. g5 hxg5 13. hxg5 Nh5 14. Be2 Bb7 15. a3 Bxc3 16. Qxc3 Qxc3+ 17. bxc3 Rc8 18. a4 bxa4 19. Kd2 Nc4+ 20. Bxc4 Rxc4 21. Kd3 Rc7 22. Rxa4 g6 23. Rb1 d6 24. Ne2 e5 25. Bb6 Rd7 26. Ke3 Ng7 27. Ba5 Ke7 28. Rab4 Bc6 29. c4 Ra7 30. Rb6 Rc8 31. Nc3 Ne6 32. Rb8 Rxb8 33. Rxb8 Rb7 34. Ra8 Kd7 35. Rxa6 Nxg5 36. Na2 f5 37. Nb4 Bxe4 38. fxe4 Nxe4 39. Nd5 Nc5 40. Ra8 f4+ 41. Kf3 Rb2 42. Rd8+ Ke6 43. Re8+ Kf5 44. Rf8+ Ke6 45. Bc7 Nd7 46. Re8+ Kf5 47. Ne7+ Kg5 48. Ng8 Rxc2 49. Bd8+ Kh5 50. Re7 Rc3+ 51. Ke2 Nc5 52. Nf6+ Kh4 53. Nd5 f3+ 54. Kf1 Rc1+ 55. Kf2 Kg4 56. Ne3+ Kf4 57. Rf7+ Ke4 0-1

[Event "Oberhausen op"]
[Site "Oberhausen"]
[Date "2008.03.22"]
[Round "3"]
[White "Cremers, Michael"]
[Black "Racherbaeumer, Marcel"]
[Result "1-0"]
[WhiteElo "2097"]
[BlackElo "2260"]
[PlyCount "104"]
[EventDate "2008.03.20"]
[EventType "swiss"]
[EventRounds "7"]
[EventCountry "GER"]
[SourceTitle "CBM 123 Extra"]
[Source "ChessBase"]
[SourceDate "2008.05.06"]
[SourceVersion "1"]
[SourceVersionDate "2008.05.06"]
[SourceQuality "1"]

1. Nf3 Nf6 2. g3 b6 3. Bg2 Bb7 4. c4 c5 5. 0-0 e6 6. Nc3 Be7 7. d4 cxd4 8. Qxd4 d6 9. Rd1 a6 10. Bg5 Nbd7 11. Qd2 0-0 12. Bf4 Ne8 13. Rac1 h6 14. b3 Ndf6 15. h3 Rc8 16. g4 Nh7 17. Qe3 Bc6 18. Ne1 Bxg2 19. Nxg2 Rc6 20. Rd3 Qc7 21. Rcd1 Nef6 22. Ne1 Rc8 23. a4 Ne8 24. Nc2 Qb7 25. Nd4 R6c7 26. Nxe6 fxe6 27. Qxe6+ Kh8 28. Nd5 Bg5 29. Nxc7 Nxc7 30. Qxd6 Bxf4 31. Qxf4 Ne6 32. Qf5 Nhg5 33. h4 Rf8 34. Qd5 Qf7 35. Rf1 Nh7 36. Rf3 Nf6 37. Qd3 Rd8 38. Qe3 Rd4 39. g5 Rg4+ 40. Rg3 hxg5 41. hxg5 Re4 42. Qxb6 Nh5 43. Qb8+ Nf8 44. e3 Re8 45. Qd6 Re6 46. Qd5 Kg8 47. Rg2 g6 48. Rd1 Qe7 49. c5 Qe8 50. Rd4 Kg7 51. Rc4 Nd7 52. Qd4+ Ne5 1-0

[Event "Werther Schloss op-A 14th"]
[Site "Werther"]
[Date "2008.03.16"]
[Round "6"]
[White "Oppitz, Peter"]
[Black "Racherbaeumer, Marcel"]
[Result "1/2-1/2"]
[WhiteElo "2194"]
[BlackElo "2260"]
[PlyCount "82"]
[EventDate "2008.03.13"]
[EventType "swiss"]
[EventRounds "7"]
[EventCountry "GER"]
[SourceTitle "EXT 2010"]
[Source "ChessBase"]
[SourceDate "2010.11.25"]
[SourceVersion "1"]
[SourceVersionDate "2010.11.25"]
[SourceQuality "1"]

1. e4 c5 2. Nf3 e6 3. d4 cxd4 4. Nxd4 Nc6 5. Nc3 Qc7 6. Be3 a6 7. Be2 Nf6 8. 0-0 Bb4 9. f3 d5 10. exd5 exd5 11. Nxc6 bxc6 12. Bd4 Bd6 13. Bxf6 Bxh2+ 14. Kh1 gxf6 15. Qd4 Qf4 16. Qxf4 Bxf4 17. Bd3 Rb8 18. Rab1 h5 19. Ne2 Be3 20. Ng3 Rb4 21. Nf5 Bc5 22. g3 Bxf5 23. Bxf5 h4 24. g4 a5 25. b3 Kd8 26. Rbd1 Rd4 27. c4 dxc4 28. bxc4 Kc7 29. Rxd4 Bxd4 30. Rd1 c5 31. Rb1 Be3 32. Re1 Bd4 33. Rb1 Be5 34. Be4 Rb8 35. Rxb8 Kxb8 36. Kg2 a4 37. a3 Bb2 38. Bc2 Bxa3 39. Kh3 Bc1 40. Bxa4 Bg5 41. Be8 Kc7 1/2-1/2

[Event "Werther Schloss op-A 14th"]
[Site "Werther"]
[Date "2008.03.14"]
[Round "2"]
[White "Poulsen, Iver"]
[Black "Racherbaeumer, Marcel"]
[Result "1/2-1/2"]
[WhiteElo "2157"]
[BlackElo "2260"]
[PlyCount "68"]
[EventDate "2008.03.13"]
[EventType "swiss"]
[EventRounds "7"]
[EventCountry "GER"]
[SourceTitle "EXT 2010"]
[Source "ChessBase"]
[SourceDate "2010.11.25"]
[SourceVersion "1"]
[SourceVersionDate "2010.11.25"]
[SourceQuality "1"]

1. e4 c5 2. Nf3 e6 3. d4 cxd4 4. Nxd4 Nc6 5. Nc3 Qc7 6. Be3 a6 7. Be2 Nf6 8. 0-0 Bb4 9. Na4 Be7 10. Nxc6 bxc6 11. Nb6 Rb8 12. Nxc8 Qxc8 13. Bd4 c5 14. Be5 Rb6 15. Qd3 d6 16. Bc3 0-0 17. b3 d5 18. exd5 Nxd5 19. Rad1 Nxc3 20. Qxc3 Rb4 21. Bc4 Bf6 22. Qf3 Rb6 23. Rd3 Qc7 24. Rfd1 Qe5 25. Rd7 Qb2 26. Bd3 g6 27. a4 a5 28. g3 Kg7 29. h4 h5 30. Kg2 Bd4 31. Re1 e5 32. Re2 Rf6 33. Qd5 Qc3 34. Bc4 Qb4 1/2-1/2